| 000 | 01405pam a2200337 a 4500 | ||
|---|---|---|---|
| 999 |
_c6814 _d6814 |
||
| 001 | 2504336 | ||
| 003 | OSt | ||
| 005 | 20210311122021.0 | ||
| 008 | 920601s1992 nyua b 111 0 eng | ||
| 010 | _a 92020961 | ||
| 020 | _a1563240165 (alk. paper) | ||
| 020 | _a1563240173 (pbk. : alk. paper) | ||
| 040 |
_aDLC _cDDC _dDLC |
||
| 050 | 0 | 0 |
_aHG63 _b.F55 1992 |
| 082 | 0 | 0 | _a332.FIN.1984 |
| 245 | 0 | 0 |
_aFinancial conditions and macroeconomic performance : _bessays in honor of Hyman P. Minsky / _cSteven Fazzari and Dimitri B. Papadimitriou, editors. |
| 260 |
_aArmonk, N.Y. : _bM.E. Sharpe, _c1984 |
||
| 300 |
_axi, 195 p. : _bill. ; _c24 cm. |
||
| 500 | _aBased on papers presented at a conference honoring Minsky held at Washington University, St. Louis, Missouri. | ||
| 504 | _aIncludes bibliographical references and index. | ||
| 600 | 1 | 0 |
_aMinsky, Hyman P. _xCongresses. _913955 |
| 650 | 0 |
_aFinance _xCongresses. _913956 |
|
| 650 | 0 |
_aMacroeconomics _xCongresses. _913957 |
|
| 650 | 0 |
_aBusiness cycles _xCongresses. _913958 |
|
| 700 | 1 |
_aMinsky, Hyman P. _913959 |
|
| 700 | 1 |
_aFazzari, Steven M. _913960 |
|
| 700 | 1 |
_aPapadimitriou, Dimitri B. _913961 |
|
| 906 |
_a7 _bcbc _corignew _d1 _eocip _f19 _gy-gencatlg |
||
| 942 |
_2ddc _cO_SHELF |
||